000
00327nam a22001457a 4500
008
221201b ||||| |||| 00| 0 eng d
020
_a
9780130278043
041
_a
eng
080
_2
SECOND EDITION
_a
37
082
_a
37BOD
100
_a
22.2
101
_a
EDU
245
_a
TOOLS OF THE MIND
_c
BODROVA E
942
_2
udc
_c
BK
999
_c
59054
_d
59054